00431nam a22001457a 450000500170000000800410001702000180005804100130007608200160008910000260010524500460013126000570017730000260023465000250026020231124060440.0231124b |||||||| |||| 00| 0 eng d a9789991684017 aEnglish  a341.48 HOP  aHopwood, G lEnglish  aGuide to Namibian Politics / cG Hopwood  aWindhoek : bNamibia Institute for Democracy, c2008 b336 pages ; c25 cm.  aLegal practice bLaw